000 00799cam a2200349 4500
001 ABS65034
008 020130n2001 000 0 eng u
035 _a(Sirsi) u116533
245 _aLocate in Europe
260 _c2001
490 _aEstates Gazette
_v December 2001, LOAN
520 _aSeries of articles looking at locating to Europe.
590 _aABS
650 _aEUROPE
650 _aRELOCATION
650 _aUNITED KINGDOM
650 _aIRELAND
650 _aAUSTRIA
650 _aBENELUX
650 _aDENMARK
650 _aFRANCE
650 _aGERMANY
650 _aSWITZERLAND
650 _aSCANDINAVIA
650 _aCENTRAL EUROPE
650 _aSPAIN
650 _aPORTUGAL
650 _aITALY
650 _aTURKEY
650 _aGREECE
942 _n0
999 _c69389
_d69389